Fish physiology

में बचाया:
ग्रंथसूची विवरण
मुख्य लेखक: W S Hoar
स्वरूप: पुस्तक
भाषा:Undetermined
प्रकाशित: America 1988
विषय:
टैग : टैग जोड़ें
कोई टैग नहीं, इस रिकॉर्ड को टैग करने वाले पहले व्यक्ति बनें!
Thư viện lưu trữ: Trung tâm Học liệu Trường Đại học Cần Thơ
LEADER 00448nam a2200181Ia 4500
001 CTU_38831
008 210402s9999 xx 000 0 und d
082 |a 597.01 
082 |b H679 
100 |a W S Hoar 
245 0 |a Fish physiology 
245 0 |c W S Hoar, D J Randall 
260 |a America 
260 |c 1988 
650 |a Fishes 
650 |x Physiology 
904 |i Thanh, 990526 
980 |a Trung tâm Học liệu Trường Đại học Cần Thơ